000 00543ntaaa2200181 4500
003 01
005 20251027201124.0
008 0714s1973 ag 01
040 _aAR-BaBN
_bspa
_cAR-BaBN
_eaacr
_dRIC
082 _a215 E15
100 _aElichabe, Ramón Riba
_98887
245 _aCiencia confirma a Cristo, el Mesias del Antiguo Testamento; o las matemáticas confirman a Cristo y a la Biblia. /
_cRamón Riba Elichabe
250 _a1 ed.
260 _as.l. :
_bRuíz,
_c1939
300 _a245 p.
650 _aReligión y Ciencia
942 _cBK
999 _c5447
_d5447